MARC

LEADER 00000nam0a2200000 4500
001 55981
005 20231031053023.0
010 |a 5948070026 
035 |a (RuTPU)RU\TPU\book\58771 
090 |a 55981 
100 |a 20030924d2003 m y0rusy50 ca 
101 0 |a rus 
102 |a RU 
105 |a a j 001zy 
200 1 |a Политика доходов и качество жизни населения  |e учебное пособие  |f Санкт-Петербургский государственный университет экономики и финансов; Под ред. Н. А. Горелова 
210 |a СПб.  |c Питер  |d 2003 
215 |a 653 с.  |c ил. 
225 1 |a Учебное пособие 
320 |a Библиогр.: с. 582-593 
610 1 |a экономика 
610 1 |a Россия 
610 1 |a население 
610 1 |a качество жизни 
610 1 |a доходы 
610 1 |a уровень жизни 
610 1 |a заработная плата 
610 1 |a социальная защита 
610 1 |a социальное страхование 
610 1 |a несчастные случаи 
610 1 |a профессиональные заболевания 
610 1 |a безработица 
610 1 |a социальная защита 
610 1 |a военнослужащие 
610 1 |a пенсионное обеспечение 
610 1 |a самозанятость 
610 1 |a предпринимательская деятельность 
610 1 |a учебные пособия 
686 |a У9(2)0-94я73  |v LBC/SL-A  |2 rubbk 
686 |a У9(2)271я73  |v LBC/SL-A  |2 rubbk 
702 1 |a Горелов  |b Н. А.  |4 340 
712 0 2 |a Санкт-Петербургский государственный университет экономики и финансов (СПбГУЭФ)  |c (1991- )  |2 stltpush  |3 (RuTPU)RU\TPU\col\151 
801 1 |a RU  |b 63413507  |c 20030924  |g PSBO 
801 2 |a RU  |b 63413507  |c 20030925  |g PSBO 
801 2 |a RU  |b 63413507  |c 20120923  |g PSBO 
900 |a Экономика и организация труда 
900 |a Экономика и социология труда 
900 |a Политика доходов и заработной платы 
942 |c BK 
951 |a 521600  |b 060200